000 00880nam a2200217 i 4500
001 185612
003 ES-MaACL
005 20250815112208.0
008 160728s1918 sp |||| | spa d
100 1 _aMoles, Enrique (
_d1883-1953)
_981864
245 1 4 _aLos pesos atómicos en 1917 /
_cpor E. Moles.
260 _aMadrid :
_bJunta para Ampliación de Estudios e Investigaciones Científicas, Instituto Nacional de Ciencias,
_c1918.
300 _a31 p. ;
_c22 cm.
490 1 _aTrabajos del Laboratorio de Investigaciones Físicas. Memorias de información ;
_v3
650 4 _aPesos atómicos.
_9172953
650 7 _aQuímica física
_2embne
_9136798
710 2 _aInstituto Nacional de Ciencias Físico-Naturales.
_95145
830 1 0 _aTrabajos del Laboratorio de Investigaciones Físicas
_v3
_9192351
852 4 _aES-MaACL
_jB-13198(3)
999 _c185612
_d185612